Największe miasta we Francji zawierające literę - Statystyki

Ogólne statystyki
  • Ten quiz został rozwiązany 194 razy
  • Średni wynik to 17 z 27
Statystyki odpowiedzi
Litera Miasto % Poprawnych
A Paryż
99%
P Paryż
99%
R Paryż
99%
Y Paryż
99%
Ż Paryż
99%
I Marsylia
93%
L Marsylia
93%
M Marsylia
93%
S Marsylia
93%
N Lyon
88%
O Lyon
88%
C Nicea
73%
E Nicea
73%
D Bordeaux
72%
X Bordeaux
72%
T Tuluza
61%
U Tuluza
61%
Z Tuluza
61%
B Strasburg
54%
G Strasburg
54%
J Dijon
23%
F Clermont-Ferrand
18%
K Dunkierka
18%
H Hawr
17%
W Hawr
17%
Q Quimper
7%
V Villeurbanne
7%
Nie znaleziono quizów pasujących do podanych kryteriów
Rozkład punktacji
Procent ludzi z każdym wynikiem
Percentyl według liczby udzielonych odpowiedzi
Twoja historia wyników
Nie rozwiązałeś tego quizu